| 000 | 00497nam a2200181Ia 4500 | ||
|---|---|---|---|
| 001 | 4583 | ||
| 005 | 20260306145806.0 | ||
| 008 | 260306t1998||||xx |||||||||||||| ||spa|| | ||
| 041 | _aESP | ||
| 082 |
_a325.85 _bF85 |
||
| 100 |
_aGarcía Jordán, Pilar (ed.) _eAUT |
||
| 245 | 0 | _aFronteras, colonización y mano de obra indígena amazonía andina (siglos XIX-XX) texto impreso | |
| 260 | _c1998 | ||
| 300 |
_a539 páginas : _ccm. |
||
| 650 | _aGEN | ||
| 654 | _aCHU | ||
| 942 |
_cLIB _dJUS _fJUS _2ddc _n |
||
| 999 |
_c4583 _d4583 |
||